Literature and language : blue level (Record no. 41415)

MARC details
000 -LEADER
fixed length control field 00431nam a2200181Ia 4500
020 ## - INTERNATIONAL STANDARD BOOK NUMBER
ISBN 0812371046
050 ## - CALL MARK
Classification number PN 59 .B37/
100 ## - STATEMENT OF RESPONSIBILITY--MAIN AUTHOR NAME
Personal name Boone, S. Robbert
245 #0 - TITLE STATEMENT
Title Literature and language : blue level
260 ## - PUBLICATION, DISTRIBUTION, ETC. (IMPRINT)
Place of publication Evanston
260 ## - PUBLICATION, DISTRIBUTION, ETC. (IMPRINT)
Name of publisher Mcdougal, Littell &Co.
260 ## - PUBLICATION, DISTRIBUTION, ETC. (IMPRINT)
Year of publication 1992
300 ## - PHYSICAL DESCRIPTION
Number of Pages 988 p
650 ## - SUBJECT ADDED ENTRY--TOPICAL TERM
Topical Term Evanston
942 ## - ADDED ENTRY ELEMENTS (KOHA)
Koha item type Books
Holdings
Withdrawn status Lost status Source of classification or shelving scheme Damaged status Not for loan Permanent Location Current Location Shelving location Date acquired Accession Number Price effective from Koha item type
    Library of Congress Classification     NILE UNIVERSITY OF NIGERIA - MAIN LIBRARY NILE UNIVERSITY OF NIGERIA - MAIN LIBRARY Items on shelf 06/03/2025 0005573 06/03/2025 Books